| Поле | Инд. | ПП | Название | Значение |
|---|---|---|---|---|
| Тип записи | a | |||
| Библиографический уровень | m | |||
| 001 | Контрольный номер | RU/LIBMSTU/265903553 | ||
| 005 | Дата корректировки | 20140923120401.4 | ||
| 008 | Кодируемые данные | 080609|||||||||ru |||||||||||000|||rus|| | ||
| 020 | a | ISBN | 978-5-7729-0292-9 | |
| c | Цена, тираж | 143-00 | ||
| 040 | b | Код языка каталог. | rus | |
| 041 | a | Код языка текста | rus | |
| 084 | a | Индекс другой классификации/Индекс ББК | 67.401.0+66.03 | |
| 090 | a | Полочн. индекс | 67.401 | |
| x | Авторский знак | А 92 | ||
| 100 | a | Автор | Атаманчук Г. В. | |
| 245 | 10 | a | Заглавие | Сущность государственной службы: история, теория, закон, практика |
| b | Продолж. заглавия | монография | ||
| c | Ответственность | Рос. акад. гос. службы при Президенте Рос. Федерации | ||
| 250 | a | Основные сведения об издании | Изд. 2-е, доп. | |
| 260 | a | Место издания | Москва | |
| b | Издательство | Изд-во РАГС | ||
| c | Дата издания | 2008 | ||
| 300 | a | Объем | 310, [1] с. | |
| 500 | a | Примечание | Список книг автора: с. 308-309 | |
| 650 | a | Основная рубрика | Государственная служба Российской Федерации | |
| 653 | a | Ключевые слова | Государственная служба | |
| a | Ключевые слова | Монографии | ||
| 653 | 1_ | a | Ключевые слова | Административное право |
| 653 | 1_ | a | Ключевые слова | Табель о рангах |
| 653 | 1_ | a | Ключевые слова | Законодательство |
| 653 | 1_ | a | Ключевые слова | Государственное управление |
| 653 | 1_ | a | Ключевые слова | Государственный аппарат |
| 901 | t | Тип документа | m | |
| 952 | c | Вид литературы | монография |